Senzory pre meranie elektromagnetického poľa v oblasti elektromagnetickej kompatibility : Dát. obhaj. 09.12.2009
Gespeichert in:
| 1. Verfasser: | |
|---|---|
| Format: | Manuskript Buch |
| Sprache: | Slowakisch |
| Veröffentlicht: |
Bratislava :
STU v Bratislave FEI,
2009
|
| Schlagworte: | |
| Tags: |
Keine Tags, Fügen Sie das erste Tag hinzu!
|
MARC
| LEADER | 00000ntm a22000003a 4500 | ||
|---|---|---|---|
| 001 | stu198599 | ||
| 005 | 20230413110807.6 | ||
| 008 | 100121s2009----xo------------------slo-d | ||
| 040 | |a STU |b slo | ||
| 041 | 0 | |a slo | |
| 044 | |a xo | ||
| 100 | 1 | |a Harťanský, René, |d 1969- |4 aut |u E040 |U FEI Fakulta elektrotechniky a informatiky |T FEI Ústav elektrotechniky |X 2588 |U E040 |Y 550 |7 A000002588 | |
| 245 | 1 | |a Senzory pre meranie elektromagnetického poľa v oblasti elektromagnetickej kompatibility : |b Dát. obhaj. 09.12.2009 | |
| 260 | |a Bratislava : |b STU v Bratislave FEI, |c 2009 | ||
| 300 | |a 82 s | ||
| 650 | 7 | |a senzory |2 stusub | |
| 650 | 7 | |a meranie elektrických veličín |2 stusub | |
| 650 | 7 | |a elektromagnetické polia |2 stusub | |
| 650 | 7 | |a elektromagnetická kompatibilita |2 stusub | |
| 996 | |b 284ED01258 |c E*ZP-122 |l EE01 |s A |a 24 |w stu198599_0001 | ||